The Old Testament prophets. (Record no. 131630)
[ view plain ]
| 000 -LEADER | |
|---|---|
| fixed length control field | 00906cam a22002771 4500 |
| 001 - CONTROL NUMBER | |
| control field | 8418235 |
| 003 - CONTROL NUMBER IDENTIFIER | |
| control field | ARRUPE |
| 005 - DATE AND TIME OF LATEST TRANSACTION | |
| control field | 20221201143946.0 |
| 008 - FIXED-LENGTH DATA ELEMENTS--GENERAL INFORMATION | |
| fixed length control field | 720804s1958 xx 000 0 eng |
| 010 ## - LIBRARY OF CONGRESS CONTROL NUMBER | |
| LC control number | 59004547 |
| 028 ## - PUBLISHER NUMBER | |
| Source | Arrupe |
| 035 ## - SYSTEM CONTROL NUMBER | |
| System control number | (OCoLC)373915 |
| 040 ## - CATALOGING SOURCE | |
| Original cataloging agency | DLC |
| Transcribing agency | ONowdM |
| Modifying agency | CSuvM |
| -- | DLC |
| 042 ## - AUTHENTICATION CODE | |
| Authentication code | premarc |
| 050 00 - LIBRARY OF CONGRESS CALL NUMBER | |
| Classification number | BS1198 |
| Item number | .H4 1958 |
| 300 ## - PHYSICAL DESCRIPTION | |
| Dimensions | 18 cm. |
| 100 1# - MAIN ENTRY--PERSONAL NAME | |
| Personal name | Heaton, E. W. |
| Fuller form of name | (Eric William), |
| Dates associated with a name | 1920-1996. |
| 9 (RLIN) | 52182 |
| 245 14 - TITLE STATEMENT | |
| Title | The Old Testament prophets. |
| 260 ## - PUBLICATION, DISTRIBUTION, ETC. (IMPRINT) | |
| Place of publication, distribution, etc | [Harmondsworth, Middlesex] |
| Name of publisher, distributor, etc | Penguin Books |
| Date of publication, distribution, etc | [1958] |
| 300 ## - PHYSICAL DESCRIPTION | |
| Extent | 186 p. |
| 490 0# - SERIES STATEMENT | |
| Series statement | A Pelican book, |
| Volume number/sequential designation | A414 |
| 500 ## - GENERAL NOTE | |
| General note | "Completely revised and largely rewritten edition of the [author's] His servants the Prophets, published...in 1949." |
| 630 00 - SUBJECT ADDED ENTRY--UNIFORM TITLE | |
| Uniform title | Bible. |
| Name of part/section of a work | Prophets |
| General subdivision | Theology. |
| 9 (RLIN) | 52183 |
| 650 #0 - SUBJECT ADDED ENTRY--TOPICAL TERM | |
| Topical term or geographic name as entry element | Prophets. |
| 9 (RLIN) | 3537 |
| 906 ## - LOCAL DATA ELEMENT F, LDF (RLIN) | |
| a | 7 |
| b | cbc |
| c | oclcrpl |
| d | u |
| e | ncip |
| f | 19 |
| g | y-gencatlg |
| 942 ## - ADDED ENTRY ELEMENTS (KOHA) | |
| Source of classification or shelving scheme | Library of Congress Classification |
| Koha item type | Monograph ( Printed materials) |
| Withdrawn status | Lost status | Source of classification or shelving scheme | Damaged status | Not for loan | Home library | Current library | Shelving location | Date acquired | Total Checkouts | Full call number | Barcode | Date last seen | Price effective from | Koha item type |
|---|---|---|---|---|---|---|---|---|---|---|---|---|---|---|
| Library of Congress Classification | ARRUPE LIBRARY | ARRUPE LIBRARY | Main Collection | 01/12/2022 | BS1198 .H4 1958 | 46700000197 | 01/12/2022 | 01/12/2022 | Monograph ( Printed materials) |